जवाहर नवोदय विधालय: (Record no. 213631)
[ view plain ]
| 000 -LEADER | |
|---|---|
| fixed length control field | 00986nam a22001817a 4500 |
| 005 - DATE AND TIME OF LATEST TRANSACTION | |
| control field | 20251010114917.0 |
| 010 ## - LCCN (DPL NO) | |
| LC control number | HIN-130502 |
| 020 ## - INTERNATIONAL STANDARD BOOK NUMBER | |
| International Standard Book Number | 9789364685696 |
| Terms of availability | 375.00 |
| 035 ## - SYSTEM CONTROL NUMBER | |
| System control number | HN-102848 |
| 037 ## - SOURCE OF ACQUISITION | |
| Source of stock number/acquisition | DBAD |
| 082 ## - DEWEY DECIMAL CLASSIFICATION NUMBER | |
| Classification number | 000 |
| 245 ## - TITLE STATEMENT | |
| Title | जवाहर नवोदय विधालय: |
| Statement of responsibility, etc | नवोदय विधालय समिति द्वारा संचालित |
| Remainder of title | स्टडी गाइड एवं प्रैक्टिस सेट / |
| 260 ## - PUBLICATION, DISTRIBUTION, ETC. (IMPRINT) | |
| Place of publication, distribution, etc | नई दिल्ली |
| Name of publisher, distributor, etc | एस चंद एंड कंपनी लिमिटेड |
| Date of publication, distribution, etc | 2026 |
| 270 ## - ADDRESS | |
| Address | ए-27 द्वितीय तल मोहन को-ऑपरेटिव इंडस्ट्रियल इस्टेट, |
| City | नई दिल्ली |
| Postal code | 110044 |
| 300 ## - PHYSICAL DESCRIPTION | |
| Extent | 300पृ. |
| Dimensions | 27सेमी (अजिल्द) |
| 500 ## - GENERAL NOTE | |
| General note | कक्षा 6 प्रवेश परीक्षा 2026 के लिए |
| 942 ## - ADDED ENTRY ELEMENTS (KOHA) | |
| Source of classification or shelving scheme | Dewey Decimal Classification |
| Item type | Hindi Books |
| Classification part | 000 |
| Call number suffix | जवाह |
| Withdrawn status | Lost status | Not for loan | Collection code | Home library | Current library | Date acquired | Source of acquisition | Cost, normal purchase price | Full call number | Barcode | Copy number | Cost, replacement price | Koha item type |
|---|---|---|---|---|---|---|---|---|---|---|---|---|---|
| Non-fiction | Central Library | Central Library | 10/10/2025 | DBAD | 375.00 | 000 जवाह | HN-102848 | 1 | 375.00 | Hindi Books |
